Landfill: Keeping it clean (Record no. 65824)

MARC details
000 -LEADER
fixed length control field 01469cam a2200241 4500
001 - CONTROL NUMBER
control field ABS63500
008 - FIXED-LENGTH DATA ELEMENTS--GENERAL INFORMATION
fixed length control field 000000n2000 000 0 eng u
035 ## - SYSTEM CONTROL NUMBER
System control number (Sirsi) u110411
100 ## - MAIN ENTRY--PERSONAL NAME
Personal name Santry, C.
245 ## - TITLE STATEMENT
Title Landfill: Keeping it clean
260 ## - PUBLICATION, DISTRIBUTION, ETC.
Date of publication, distribution, etc. 2000
490 ## - SERIES STATEMENT
Series statement Mining Quarrying and Recycling
Volume/sequential designation 29(10) December 2000, 20-23
520 ## - SUMMARY, ETC.
Summary, etc. Discusses the European Landfill Directive, which must be phased in by 2009. The directive will require the classification of landfill sites as hazardous, non-hazardous or inert waste by 2004 and that waste must also be treated to reduce its volume and/or hazardous nature or to enable it to be recycled. Concerns have been expressed about the Environment Agency's ability to manage the introduction of the scheme; that hazardous waste producers will find it both difficult and expensive to dispose of their waste, possibly leading to an increase in illegal dumping; and the cost of the scheme to the industry. The impact of the Landfill Tax Regulations and the Landfill Tax Credit Scheme are also considered, as is the need for additional research into recycling of waste.
590 ## - LOCAL NOTE (RLIN)
Local note ABS
650 ## - SUBJECT ADDED ENTRY--TOPICAL TERM
Topical term or geographic name entry element DIRECTIVE 99/31/EC
650 ## - SUBJECT ADDED ENTRY--TOPICAL TERM
Topical term or geographic name entry element HAZARDOUS WASTE
650 ## - SUBJECT ADDED ENTRY--TOPICAL TERM
Topical term or geographic name entry element LANDFILL TAX REGULATIONS 1996
650 ## - SUBJECT ADDED ENTRY--TOPICAL TERM
Topical term or geographic name entry element LANDFILL TAX (AMENDMENT) REGULATIONS 1999
650 ## - SUBJECT ADDED ENTRY--TOPICAL TERM
Topical term or geographic name entry element LANDFILL TAX CREDIT SCHEME
650 ## - SUBJECT ADDED ENTRY--TOPICAL TERM
Topical term or geographic name entry element WASTE RECYCLING
690 ## - LOCAL SUBJECT ADDED ENTRY--TOPICAL TERM (OCLC, RLIN)
Topical term or geographic name as entry element ENVIRONMENTAL AND LAND CONSULTANCY-WASTE MANAGEMENT
942 ## - ADDED ENTRY ELEMENTS (KOHA)
Suppress in OPAC 0
Holdings
Withdrawn status Lost status Source of classification or shelving scheme Damaged status Not for loan Home library Current library Shelving location Date acquired Total Checkouts Full call number Barcode Date last seen Copy number Price effective from Koha item type
    Dewey Decimal Classification     London London Journal article 22/01/2001   ABS64500 110411-1001 06/08/2019 1 06/08/2019 Journal article